| 000 | 00637cam a2200205 4500 | ||
|---|---|---|---|
| 001 | BIO001041 | ||
| 008 | 1992 a spa | ||
| 020 | _a968-469-044-4 | ||
| 035 | _aBIO001041 | ||
| 050 | 4 |
_aLB2363 _bD5 1992 |
|
| 100 | 1 | _aDíaz Barriga, Ángel | |
| 245 | 0 |
_aDidactica y curriculum : convergencias en los programas de estudio / _cÁngel Díaz Barriga. |
|
| 250 | _a14 | ||
| 260 |
_aMéxico : _bNuevomar, _c1992 |
||
| 300 |
_a150 p. ; _c20 cm. |
||
| 440 | 0 | _aProblemas educativos. | |
| 504 | _aIncluye bibliografía: pp. 145-150 y citas en pie de página. | ||
| 650 | 4 | _aEducación-curricula | |
| 942 |
_2lcc _cLIB |
||
| 999 |
_c54664 _d54664 |
||